| 000 | 00327nam a22001337a 4500 | ||
|---|---|---|---|
| 003 | SGT | ||
| 082 |
_a617.642 _bI19H |
||
| 100 | _aHAKEEM, UMER UL HASSAN | ||
| 245 | _aIATROGENIC EFFECTS OF ORTHODONTICS | ||
| 260 |
_aDELHI NCR _bSGT UNIVERSITY GURUGRAM _c2019 |
||
| 300 | _a1-112 | ||
| 650 | _aORTHODONTICS | ||
| 942 |
_2ddc _cTH |
||
| 999 |
_c18460 _d18460 |
||